The protestant evangelical awakening (Registro nro. 59705)
[ vista simple ]
| 000 -LÍDER | |
|---|---|
| Campo fijo de descripción fija | 003920000a22001090004500 |
| 100 1# - ASIENTO PRINCIPAL--NOMBRE PERSONAL | |
| Nombre personal | Wood, A. Skevington |
| 245 10 - TÍTULO | |
| Título del Material | The protestant evangelical awakening |
| 300 ## - DESCRIPCIÓN FÍSICA | |
| Extensión | Vol. LXVI, No. 1 (January, 1994), Páginas 95-96 |
| 500 ## - NOTA GENERAL | |
| Nota General | Cambridge : Cambridge unviersity press, 1992, xviii, 370 pp. ISBN 0-521-41491-1 |
| 773 0# - HOST ITEM ENTRY | |
| Title | The evangelical quarlerly : An international revie |
| 942 ## - TIPO DE MATERIAL (KOHA) | |
| Tipo de Item KOHA | Artículos de Revista |
| Estado de Material | Estado de Perdido | Estado de Dañado | No para Préstamo | Colección | Biblioteca de Origen | Biblioteca Permanente | Fecha de Adquisición | Total de Préstamos | Signatura Topográfica | Última vez visto | Fecha de Remplazo | Tipo de Material |
|---|---|---|---|---|---|---|---|---|---|---|---|---|
| Colección de Hemeroteca | Biblioteca FUSBC | Biblioteca FUSBC | 26/01/2016 | 26/01/2016 | 26/01/2016 | Artículos de Revista |
